01272naa a2200181Ia 4500008004100000082001300041083001200054099000900066100002500075245005000100264004200150300000800192520072200200700002300922942001200945999001500957952011800972200107s2016 xx 000 0 und d a570bSi6 a570 Si6 a2284 aSingh, Lakhmir9491810aScience for tenth class (part-3) : bbiology. aIndiabS. Chand School Books, c2016. a484 aThis book has been revised according to the NCERT syllabus prescribed by the Central Board of Secondary Education (CBSE) based on new "Continuous and Comprehensive Evaluation" (CCE) pattern of school education. Just like our earlier books, we have written this book in such a simple style that even the weak students will be able to understand biology very easily. Believe us, while writing this book, we have considered ourselves to be the students of Class X and tried to make things as simple as possible. The most important feature of this revised edition of the book is that we have included a large variety of different types of questions as required by CCE for assessing the learning abilities of the students. aKaur, Manjit94919 2ddccBK c2284d2284 00102ddc4070aFOUNDATIONbFOUNDATIONcE-BOOKSd2022-02-23o570 Si6p61879r2022-02-23 00:00:00w2022-02-23yBK